00330nam a2200145Ia 45000030006000000050017000060080041000230400009000640410012000730820013000851000014000982450055001122600009001673000008001760Nust20170105110258.0161124s9999 xx 000 0 und d cIGIS aEnglish a650bMIC aMicrosoft aGetting Result with MicroSoft Excel for Windows.95 c1995 a227